00734nam a2200205 a 450000100100000000500170001000800410002702000150006804000250008308200150010810000410012324000290016424500760019326000790026930000180034849000320036650000730039870000230047183000340049400004394620201002045047.0140509s1991 sp 000 0 spa d a847969078X aDO-SdBNPbspacBNPHU axxxxbxxxx1 aStevenson, Robert Louis,d1850-1894.10aThe dynamiterlEspañol13aEl dinamitero I /cRobert Louis Stevenson ; traducción, Luis Loayaza. a[Madrid] :bCompañía Europea de Comunicación e Información,c1991. a2v. ;c19 cm.1 aBiblioteca de El solv65-66 aIncluye referencias bibliográficas y notas al pie de las páginas12aLoayaza, Luisetr. 0aBiblioteca de El sol ;n65-66